[Event "Ciocaltea Memorial"]
[Site "Bucharest"]
[Date "1999.03.08"]
[Round "5"]
[White "Iordachescu, Viorel"]
[Black "Vukovic, Zdravko"]
[Result "0-1"]
[WhiteElo "2539"]
[BlackElo "2483"]
[Annotator "Gofshtein,L"]
[PlyCount "82"]
[EventDate "1999.03.04"]
[EventType "tourn"]
[EventRounds "13"]
[EventCountry "ROU"]
[EventCategory "10"]
[SourceTitle "CBM 070"]
[Source "ChessBase"]
[SourceDate "1999.06.08"]
[SourceVersion "1"]
[SourceVersionDate "1999.06.08"]
[SourceQuality "1"]

1. e4 c5 2. Nf3 Nc6 3. d4 cxd4 4. Nxd4 Nf6 5. Nc3 d6 6. Bg5 e6 7. Qd2 Be7 8.
O-O-O Nxd4 9. Qxd4 a6 10. f4 (10. Be2 {CBM 60-8000 Nd4 9Qd4 a6 10f4/10Be2/
Opening 1997/CBM 60/[Hansen,Cu] (27)}) (10. Bc4) 10... O-O {A rare move,more
common fashionable 10...b5} (10... b5 11. Bxf6 gxf6 $13 (11... gxf6 12. Bd3 (
12. f5 Qa5 13. Kb1 b4 14. Ne2 e5 15. Qe3 Bb7 16. Ng3 d5 17. Bd3 O-O-O 18. Qe2
h5 19. exd5 h4 20. Ne4 Rxd5 21. Bc4 Rxd1+ 22. Rxd1 Rd8 23. Rd2 Kb8 24. Qe3 Kc7
25. g4 Qb6 {1/2-1/2 Khalifman,A-Hracek,Z/Erevan 1996/CBM 53}) 12... Qc7 (12...
O-O 13. e5 $1 d5 14. Ne4 $16) 13. Qe3 Qc5 14. Qg3 b4 15. Ne2 a5 16. Kb1 Kf8 17.
Qh3 h5 18. Rc1 d5 19. exd5 Qxd5 20. f5 {Kasparov,G-Kramnik,V/Amsterdam VSB
1996/CBM 52/[Boensch]/1-0 (43)}) (11... Bxf6 $2 12. e5 $1 dxe5 13. Qc5 Bd7 14.
Nxb5 axb5 15. Rxd7 $1 $18)) 11. Be2 (11. Bc4 b5 12. Bb3 Qc7 13. Kb1 Re8 14. e5
dxe5 15. fxe5 Nd7 16. Bxe7 Rxe7 17. Ne4 $36 {1-0 Svidler,P-Lugovoi,A/St.
Petersburg 1997/CBM 58 (62)}) (11. Bd3 $5) 11... b5 $146 (11... Qa5 12. e5 dxe5
13. Qxe5 b5 14. Bf3 Ra7 15. Kb1 Rc7 $132 {0-1 Kaszdan,E-Fleurquin,H/URU-ch
1960/EXT 98 (21)}) 12. Bxf6 (12. e5 dxe5 13. Qxd8 (13. Qxe5 Qb6) 13... Bxd8 14.
fxe5 (14. Rxd8 $2 Rxd8 15. fxe5 h6) 14... Nd7 15. Bxd8 Rxd8 16. Bf3 Ra7 $132) (
12. Bf3 $5) 12... gxf6 (12... Bxf6 $6 13. Qxd6 $16) 13. Bf3 $5 (13. f5 $5 Qa5
14. fxe6 fxe6 15. Nd5 Bd8 16. Rd3 $36) 13... Bb7 14. f5 Rc8 15. Kb1 (15. fxe6
$5 fxe6 16. Qd3 $36 (16. Bg4 $6 f5 17. exf5 Rc4 18. Qa7 Bxg2 19. f6 Rxf6 20.
Be2 Rc7 $17)) 15... Rc4 16. Qd3 Qc7 17. Ne2 {It is does not clear why white
refuse from natural move 17.fe} (17. fxe6 $5 fxe6 18. Ne2 $36 {[%csl Rd4,Re2,
Rf4][%cal Re2d4,Re2f4]}) 17... e5 18. Ng3 {[%cal Gg3h5]} Kh8 19. Nh5 {[%csl
Rf6,Rg7,Rh5][%cal Rh5f6,Rh5g7]} Rc8 {[%csl Rc2][%cal Rc8c2]} 20. Rc1 b4 21. g4
a5 22. Qd2 {[%csl Rd2,Rh6][%cal Rd2h6]} Qd8 $1 {[%cal Yd8f8]} 23. h4 $6 {
Risky move,after normal 23.Rhe1,or 23.Qh6 position not so clear} Bxe4 (23... a4
24. Rhe1 $5 (24. Qh6 $5 Qf8 25. Qxf8+ Rxf8 26. Rhe1 $13) 24... a3 25. b3 Rc3
26. Bh1 $13) 24. Bxe4 Rxe4 25. g5 (25. Qd5 Rxg4 26. Qxf7 Qf8 27. Qe6 Rcc4 $17)
25... fxg5 $2 {It was nessesary 25...Rd4 with winning position} (25... Rd4 $1
26. Qe3 (26. Qg2 fxg5 27. Rcf1 (27. f6 Bxf6 28. Rcf1 Be7 29. Rxf7 Qe8 $19) (27.
hxg5 Bxg5 28. f6 h6 29. Rcg1 Qc7 30. Ng7 (30. Nf4) 30... Rd2 $19)) 26... fxg5
27. f6 Bxf6 28. Qf3 Be7 $19) 26. Qd5 $2 {White  did not use black's mistake.
26.f6 leads to big troubles of black.} (26. f6 $1 Bxf6 (26... Bf8 $2 27. Qxg5
$18) 27. Qd5 $40) 26... Rxh4 27. Qxf7 (27. Rxh4 gxh4 28. f6 Bf8 $17) 27... Qf8
28. Qe6 Rcc4 $17 29. f6 Bd8 {In spite of activity of white pieces,black easily
defences.} 30. Rhf1 (30. f7 Rxh1 31. Ka1 (31. Rxh1 Rh4 32. Rxh4 gxh4)) 30...
Rc7 $19 31. Ng7 Rf7 32. Ne8 Rf4 33. Rfd1 Bxf6 34. Nxd6 Re7 35. Qd5 e4 {[%csl
Rb2][%cal Rf6b2]} 36. Re1 e3 37. Qxa5 Bg7 (37... Bxb2 $5) (37... Rd7 38. Nb5
Qb8 39. Rxe3 Rf5 $19) 38. Qxg5 Re6 $6 (38... Re5 39. Qg3 Rd4 40. Nb7 Qe7 41.
Qf3 Rd7 $19) 39. Nb5 $2 {[%mdl 8192] This move lose at once, of course better
39.Nb7} (39. Nb7 $5 e2 40. Qd5 Re7) 39... Re5 40. Qg3 Rxb5 41. Rxe3 Re5 0-1

[Event "Donetzk zt"]
[Site "Donetsk"]
[Date "1998.11.04"]
[Round "3"]
[White "Berelowitsch, Alexander"]
[Black "Lerner, Konstantin Z"]
[Result "1/2-1/2"]
[WhiteElo "2495"]
[BlackElo "2580"]
[Annotator "Gofshtein,L"]
[PlyCount "133"]
[EventDate "1998.11.02"]
[EventType "swiss"]
[EventRounds "11"]
[EventCountry "UKR"]
[SourceTitle "CBM 068"]
[Source "ChessBase"]
[SourceDate "1999.02.01"]
[SourceVersion "1"]
[SourceVersionDate "1999.02.01"]
[SourceQuality "1"]

{[%mdl 20484]} 1. e4 c5 2. Nf3 d6 3. d4 cxd4 4. Nxd4 Nf6 5. Nc3 Nc6 6. Bg5 e6
7. Qd2 a6 8. O-O-O h6 9. Nxc6 bxc6 10. Bf4 d5 11. Qe3 (11. a3 Be7 12. Bd3 Bb7
13. h4 Nd7 14. exd5 cxd5 15. g4 Bxh4 16. Kb1 Be7 17. g5 h5 18. g6 $44 {
Murrey-Martin  Manchester 1981}) 11... Qa5 (11... Be7 12. Be2 Bb7 (12... O-O
13. Qg3 (13. h4 $5 Bb4 (13... Ne8 14. Kb1 Nd6 15. Bd3 Re8 16. Qg3 Kh8 17. Be5
Bf8 18. Rhe1 Bb7 $132 (18... a5 $4 19. exd5 cxd5 20. Nxd5 {1-0 Shchekachev,
A-Lopushnoy,D/Russian Cup 7th Stage, Tomsk RUS 1998 (20)})) 14. e5 Bxc3 15.
Qxc3 Ne4 16. Qe3 f6 17. f3 fxe5 18. Bxe5 Nf6 19. g4 $16 {1-0 Gofshtein,
L-Khasin,A/Invitational, Rishon LeZion ISR 1997 (34)}) 13... Kh8 14. h4 a5 15.
Qe3 Ba6 16. g4 Bxe2 17. Qxe2 Bb4 18. f3 Bxc3 19. bxc3 Qe7 20. g5 Nh5 21. Be5 f6
22. gxf6 Nxf6 23. Rhg1 Qa3+ 24. Kd2 Rad8 $17 {1/2-1/2 Kolev,A-Kramnik,V/
Villarrobledo ESP 1998 (61)}) (12... Qa5 13. Qg3 g5 14. Be5 Rg8 15. Rhe1 Ra7
16. exd5 cxd5 17. Bf3 $14 {1/2-1/2 Vuckovic,B-Florean,A/Calicut IND 1998 (25)})
13. Qg3 g6 14. Bc7 Qc8 15. Bf3 O-O 16. Na4 Nd7 17. Kb1 a5 18. c4 $16 {1-0
Shchekachev,A-Pochikeev/Smolensk RUS 1997 (34)}) (11... Bb4 12. Be2 $5 (12. a3
$5 Ba5 (12... Be7 13. Be2 O-O (13... Qa5 14. Qg3 Bxa3 15. exd5 (15. Qxg7 $2
Qxc3 $19) (15. bxa3 $11 Qxa3+ 16. Kb1 (16. Kd2 d4 17. Qxg7 Qxc3+ 18. Kc1 Qa1+
19. Kd2 Qc3+ $11) 16... Qb4+ $11 (16... Ra7 $5 17. Qxg7 Rb7+ (17... Qxc3 18.
Qxh8+ Kd7 (18... Ke7 19. Qxc8 $18) 19. Qf8 Rb7+ 20. Kc1 Nxe4 21. Qxf7+ Kd8 22.
Qg8+ Ke7 23. Qh7+ Kd8 24. Qg8+ $11 (24. Qxe4 Qb2+ 25. Kd2 dxe4 $19)) 18. Nb5
$18)) 15... cxd5 (15... exd5 16. Qxg7 Qxc3 (16... Bxb2+ 17. Kxb2 Qb4+ 18. Ka2
Qa5+ 19. Kb3 $18) 17. Qxh8+ Ke7 (17... Kd7 18. Bg4+ $18) 18. Bd6+ $3 Kxd6 19.
Qf8+ $18) 16. Bc7 $1 $16 {Greenfeld}) (13... Nd7 14. h4 O-O (14... e5 15. Bxe5
$1 Nxe5 16. exd5 $16) 15. Qg3 Kh8 16. Bc7 Qe8 17. Rhe1 $14 {
Shekachev-Lominashvili,Smolensk 1997}) 14. Qg3 Kh8 15. Bc7 $1 (15. Be5 Bd7 16.
exd5 cxd5 17. Rd4 Ne8 18. Bd3 Rc8 19. Re1 Rxc3 20. bxc3 Bxa3+ 21. Kd1 Be7 22.
Re3 Qb6 23. Rg4 Rg8 24. Rg6 $1 Bf6 (24... Nf6 25. Bxf6 Bxf6 26. Rxf6 gxf6 27.
Qh4 $18) 25. Rxf6 $1 gxf6 26. Qh4 Rg7 27. Qxh6+ Kg8 28. Rh3 $18 {1-0 Fedorchuk,
S-Vuckovic,B/Calicut IND 1998 (38)}) 15... Qd7 16. Be5 Qb7 17. exd5 exd5 $14 (
17... cxd5 $6 18. Rd4 $16 {Botvinnik Ilya.-Grinfeld.A ,Rishon Le-Zion 1997}))
13. Be2 Bb7 (13... O-O 14. e5 Nd7 15. Qg3 Bc7 (15... Kh8 16. Qh3 $40) (15...
Bxc3 16. Qxc3 $16) 16. Kb1 $1 Bb8 17. Rhe1 f5 18. Bh5 $16 {Greenfed.A}) 14. Qg3
Bxc3 15. Qxc3 Nxe4 16. Qxg7 Qf6 17. Qxf6 Nxf6 18. Rd3 $16) 12... Bxc3 $6 (12...
O-O 13. e5 Nd7 (13... Ne8 14. Qg3 Qa5 15. Rd3 Kh8 16. a3 $14) 14. Qg3 Kh8 15.
Qh3 Kg8 $6 (15... Qe7 $5 16. Rd4 Bxc3 17. Bxh6 (17. Qxc3 c5 $132) 17... Kg8 18.
Qxc3 gxh6 19. Rg4+ Kh8 20. Qh3 f5 $132) 16. Rd3 Qe7 {0-1 Greenfeld,A-Tyomkin,D/
Ramat Aviv ISR 1998 (37).} (16... Ra7 $5 17. Rg3 f6 18. Bxh6 Nxe5 19. f4 Bxc3
20. Rxc3 Nc4 21. Rg3 $14) 17. Rg3 $16) (12... Qa5 13. Be5 Bxc3 14. Bxc3 (14.
Qxc3 Qxc3 15. Bxc3 Nxe4 16. Bxg7 Rg8 17. Bd4 Rxg2 18. Bf3 Rg6 19. Bxe4 dxe4 20.
Rhg1 $11) 14... Qxa2 15. Bxf6 gxf6 16. Qc3 Rb8 17. b3 Qa3+ 18. Kb1 Ke7 19. Rhe1
(19. Qxc6 Bd7 20. Qxa6 Qxa6 (20... Qc5 21. exd5 exd5 22. Rhe1 $16) 21. Bxa6
dxe4 $132) 19... Qb4 20. Qg3 Bd7 $17 {1/2-1/2 Fontaine,R-Gross,D/Clichy FRA
1998 (60)}) 13. Qxc3 Nxe4 14. Qxg7 Qf6 15. Qxf6 Nxf6 $16 {1-0 Sutovskij,
E-Gershon,A/New York 1998/CBM 64/ (55)}) 12. a3 $6 $132 (12. Be2 $1 Qc5 13. Qg3
d4 14. Na4 Qb4 15. Qb3 Qxb3 16. axb3 Nd7 17. Rxd4 e5 18. Rxd7 Bxd7 19. Bxe5 $16
{1-0 Gershon,A-Groszpeter,A/Paks HUN 1998 (50)}) (12. exd5 cxd5 13. Be2 Bb7 14.
Be5 Nd7 15. Bd4 Bc5 16. Qg3 Bxd4 17. Rxd4 g6 18. Rhd1 Rc8 19. Kb1 Qc7 20. f4
Nc5 21. Bf3 O-O 22. Qf2 $132 {0-1 Neron de Surgy,G-Touzane,O/Paris 1998 (52)})
12... Bc5 (12... Qc5 13. Qf3 (13. Qd2 Be7 14. Bd3 (14. e5 Nd7 15. Na4 Qa7 16.
Be3 c5 17. f4 Bb7 $15) 14... O-O $132) 13... e5 (13... Be7 14. e5 Nd7 15. Qg3
$14) 14. Na4 (14. Bxe5 Bg4 15. Qf4 Bxd1 16. Bxf6 gxf6 17. Nxd1 Qd6 18. Qf3 $132
) 14... Qd6 15. Qe2 Nxe4 (15... exf4 16. e5 Qd8 17. exf6+ Be6 18. fxg7 (18. Qe5
Qxf6 $17 {0-1 Santo Roman,M-Campos Moreno,J/IV It, Loures POR 1997 (35)}) 18...
Bxg7 19. Qf3 $132) 16. f3 Qf6 17. Be3 Nd6 18. Nb6 Rb8 19. Nxc8 Nxc8 20. Qxa6
Be7 21. Be2 O-O $15) 13. Qf3 (13. Qd2 Nd7 (13... O-O 14. Bd3 Bd4 (14... Nh5 15.
Bxh6 Rb8 (15... gxh6 16. Qxh6 Bxa3 (16... d4 17. e5 f5 18. exf6 Nxf6 19. Qg5+
Kh8 20. Ne4 Nxe4 21. Bxe4 Rf7 22. Rxd4 $1 $18) 17. exd5 f5 18. Qxh5 Qxc3 19.
Qg6+ Kh8 20. Qh6+ $11) 16. Nb1 Qb6 17. b4 a5 18. c3 axb4 19. axb4 Bxf2 20. Rhf1
gxh6 21. Rxf2 e5 22. Bc2 $132) 15. Bd6 Bxc3 16. Qxc3 Qxc3 17. bxc3 Rd8 18. e5
$14) 14. Bd3 e5 15. exd5 exf4 16. Rhe1+ Kf8 17. dxc6 Nf6 18. Qxf4 Be6 19. Ne4
Be7 $15) (13. Qg3 $4 Nh5 $1 $19) 13... Ra7 14. Bd2 Qc7 15. Bd3 Be7 (15... Bd6
16. h4 $6 (16. Be3 Ra8 17. h4 Rb8 18. g4 e5 (18... Qb7 19. Na4 e5 20. Rhg1 Bxa3
21. bxa3 d4 22. Bxh6 Bxg4 23. Rxg4 Nxg4 24. Bxg7 Rxh4 25. Bf6 Nxf6 26. Qxf6 Qe7
27. Qxc6+ $16) 19. g5 Bg4 20. Qg3 Bxd1 21. gxf6 Bh5 22. Qxg7 (22. fxg7 Rg8 23.
Bxh6 d4 24. Nd1 Bxd1 25. Rxd1 Qb6 $17) 22... Rf8 23. exd5 (23. Qxh6 d4 24. Qxh5
dxc3 $17) 23... Qb7 24. b4 cxd5 25. Re1 $132) 16... d4 17. Ne2 c5 18. c4 Rb7
19. Bc2 Qb6 20. b3 e5 $15) 16. Rhe1 d4 17. Ne2 c5 18. Bc4 Bb7 19. Nf4 (19. Ng3
O-O 20. Nh5 Qe5 21. Nxf6+ Qxf6 (21... Bxf6 22. Kb1 Bg5 23. Qh5 Bf4 24. Qxe5
Bxe5 25. f4 $14) 22. Qg3 e5 $132) 19... Bd6 (19... O-O 20. Nh5 Qe5 21. Nxf6+
Qxf6 $132) 20. Nh5 Nxh5 21. Qxh5 g6 (21... O-O $4 22. e5 Be7 23. Bxh6 gxh6 24.
Qxh6 Qd8 25. f4 $18) 22. Qg4 (22. Qh4 Bc6 23. f4 Be7 24. Qg3 Bb5 25. Qd3 Rb7
26. e5 (26. Bxb5+ axb5 $15) 26... Bxc4 27. Qxc4 Qb6 28. b3 Qb5 29. Qxb5+ axb5
30. Kb2 $11) 22... h5 (22... Bc6 23. Bxe6 Bxh2 (23... fxe6 24. Qxe6+ Be7 (24...
Qe7 25. Qc8+ $18) 25. Qxg6+ Kd7 26. f4 $40) 24. f4 h5 25. Qh4 fxe6 26. Qxh2 Rb7
27. Qh3 Kf7 28. f5 $1 $16) 23. Qh4 Be7 (23... Bc6 24. e5 Bxe5 (24... Be7 25.
Qg3 Qb6 26. Kb1 (26. Bxe6 fxe6 27. Qxg6+ Kd7 28. Bg5 Rb7 29. b3 Bxg5+ 30. Qxg5
Kc8 $19) (26. Bg5 $5 Rb7 27. b3 Bb5 (27... Qa5 28. a4 h4 29. Qg4 Bxg5+ 30. Qxg5
Qc3 31. Qf6 Rh7 32. Bxe6 d3 33. Rxd3 Qxe1+ 34. Rd1 Qa5 35. Bc8 Qc7 36. Bxb7
Bxb7 37. e6 fxe6 38. Qxe6+ Kf8 39. Qf6+ Ke8 40. Qxg6+ Kf8 (40... Qf7 41. Qg5
$18) 41. Qf6+ Ke8 42. Rd6 $18) 28. Bxe7 Rxe7 (28... Bxc4 29. Bf6 $18) 29. Qd3
O-O 30. h3 Bxc4 31. Qxc4 Qb5 32. Qd3 $11) 26... Rb7 27. Bc1 Bb5 (27... O-O 28.
Bxe6 $16) (27... h4 28. Qg4 Bb5 29. Ba2 O-O 30. g3 $14) 28. Bxb5+ axb5 29. Bg5
b4 30. Bf6 Bxf6 31. exf6 bxa3 32. Qxa3 O-O $17) 25. Bxe6 O-O 26. Qg5) 24. Qf4
Qxf4 25. Bxf4 Bc6 $11 26. b3 (26. h3 Bb5 $11) 26... Bb5 27. Rd3 Kd7 (27... Bxc4
28. bxc4 Kd7 29. c3 (29. Rb3 Kc6 30. Kd2 g5 31. Bb8 Rb7 32. Rxb7 Kxb7 33. Rb1+
Kc6 $11) 29... g5 30. Be3 e5 31. Kc2 Rb7 32. Rb1 Rxb1 33. Kxb1 Ke6 34. Bd2 f5
35. exf5+ Kxf5 36. f3 $11) 28. a4 Bxc4 29. bxc4 g5 30. Bd2 Rb7 31. Rb3 Rhb8 32.
Rxb7+ $6 (32. Kb2 $11) 32... Rxb7 33. h3 (33. f3 f6 34. g3 Bd6 35. Rg1 $15)
33... f6 34. f3 $6 $17 (34. e5 f5 35. f3 h4 36. Rg1 f4 37. Re1 Ke8 $17 {
[%csl Re5][%cal Ge8g6,Gg6f5]}) (34. c3 Kc6 35. Kc2 Bd6 $17) 34... Bd6 35. Rh1
$2 $19 (35. g4 Rb8 36. gxh5 Rh8 37. h4 gxh4 38. h6 h3 39. Rh1 h2 40. e5 $5 Bxe5
41. f4 Bd6 42. Rxh2 Rh7 43. Rh3 f5 44. c3 dxc3 45. Be3 (45. Bxc3 Bxf4+ $19)
45... Bf8 46. Kc2 Rxh6 47. Rxh6 Bxh6 48. Kxc3 e5 $19) (35. h4 Bg3 $19) (35. c3
$5 Bg3 36. Rd1 Kc6 37. Kc2 h4 $17) 35... h4 36. Rd1 Bf4 37. c3 e5 $4 $11 (37...
Bxd2+ 38. Rxd2 Kd6 $1 {[%csl Rc3,Rc4,Rg2][%cal Gd6g3,Ge5d4]} 39. cxd4 Rb4 (
39... cxd4 40. Rxd4+ Kc5 (40... Ke5 41. Rd2 Rc7 42. Rc2 Kd4 43. Rd2+ Ke3 44.
Rd6 Rxc4+ 45. Kb2 Rxa4 46. Rxe6 Kf2 47. Rxf6 Kxg2 48. Rf5 g4 49. hxg4 h3 50.
Rh5 h2 51. g5 h1=Q 52. Rxh1 Kxh1 53. g6 Rb4+ 54. Kc3 Rb6 55. f4 Rxg6 56. f5 Rg4
57. Kd4 Kg2 58. f6 Kf3 $19) 41. Rd8 Rb4 42. Re8 Rxc4+ 43. Kb2 Kd6 44. Kb3 Rc6
45. Kb4 Ke5 46. Ra8 Kf4 47. Rg8 e5 48. Rd8 Kg3 49. Rd2 Rc1 50. Ka5 Rg1 51. Rd6
Kxg2 52. Rxf6 Kxh3 $19) 40. dxc5+ Kxc5 $17) 38. Kc2 Bxd2 (38... Ke6 39. Be1 f5
40. Rd3 Be3 41. cxd4 exd4 42. exf5+ Kxf5 43. Rb3 Re7 44. Kd3 Bf4 (44... Kf4 45.
Rb6 $16) 45. Bf2 Bg3 (45... Be3 46. Be1 $11) 46. Bxg3 Re3+ 47. Kc2 Rxb3 48.
Kxb3 hxg3 49. Kc2 Kf4 50. Kd3 a5 51. Kd2 $11) 39. Rxd2 Ke6 40. a5 f5 41. exf5+
Kxf5 42. Rd1 Kf4 43. Re1 Rd7 (43... Kg3 $2 44. Rxe5 Kxg2 45. Rxg5+ Kxh3 46.
cxd4 cxd4 47. Kd3 $18) 44. Re4+ Kf5 45. Re1 Rb7 (45... d3+ 46. Kd2 Rb7 (46...
Kf4 47. Re4+ Kf5 $11 (47... Kg3 48. Rxe5 Kxg2 49. Rxg5+ Kxh3 50. f4 $16)) 47.
Kxd3 Rb2 48. Re2 Rxe2 49. Kxe2 Kf4 50. Kf2 e4 51. fxe4 Kxe4 52. Ke2 Kf4 53. Kf2
g4 54. hxg4 Kxg4 55. Kf1 Kg3 56. Kg1 $11) 46. Rd1 Rb8 (46... Kf4 47. Re1 Re7
48. Re4+ Kf5 $11) 47. Re1 Rb7 48. Rd1 Kf4 49. Re1 dxc3 50. Kxc3 Rb4 51. Re4+
Kf5 52. Re1 Ra4 53. Kb3 Rb4+ (53... Rxa5 $2 $44 {[%csl Ra5]}) 54. Kc3 Rb8 55.
Rd1 Kf4 56. Rd6 g4 $5 57. fxg4 e4 58. Rxa6 Kg3 59. Re6 Kxg2 60. Rxe4 Kxh3 61.
Re5 Kxg4 62. Rxc5 h3 63. Rc7 Rh8 64. Rg7+ Kf3 65. Rf7+ Ke2 66. Re7+ Kf2 67.
Rf7+ 1/2-1/2

[Event "MK Cafe Cup-A"]
[Site "Koszalin"]
[Date "1999.08.12"]
[Round "9"]
[White "Degraeve, Jean Marc"]
[Black "Lerner, Konstantin Z"]
[Result "1-0"]
[WhiteElo "2542"]
[BlackElo "2588"]
[Annotator "Gofshtein,L"]
[PlyCount "54"]
[EventDate "1999.08.03"]
[EventType "swiss"]
[EventRounds "9"]
[EventCountry "POL"]
[SourceTitle "CBM 073"]
[Source "ChessBase"]
[SourceDate "1999.12.01"]
[SourceVersion "1"]
[SourceVersionDate "1999.12.01"]
[SourceQuality "1"]

1. e4 c5 2. Nf3 d6 3. d4 cxd4 4. Nxd4 Nf6 5. Nc3 Nc6 6. Bg5 e6 7. Qd2 a6 8.
O-O-O h6 9. Nxc6 $1 {one of the unexpected excellent ideas J.Murey.Once he
played this system in1981year.In last few years his analises led to big
popularity for this system.How shown undermentioned game and tournament
practice in last year black has very serios problem.} bxc6 10. Bf4 d5 11. Qe3
$5 {[%csl Ra7,Re3][%cal Re3a7,Rd1d8] Qween take control for important diagonal
e3-a7,and by case transfer to king side} (11. exd5 cxd5 12. Be5 Be7 13. f4 O-O
14. Bd3 $13 {0-1 Vatter,H-Khalifman,A/Triberg 1991/GER (32)}) (11. a3 Be7 12.
Bd3 Bb7 13. h4 Nd7 14. exd5 cxd5 15. g4 Bxh4 16. Kb1 Be7 17. g5 h5 18. g6 $44 {
Murrey-Martin  Manchester 1981}) 11... Qa5 (11... Be7 12. Be2 O-O (12... Bb7
13. Qg3 g6 14. Bc7 Qc8 15. Bf3 O-O 16. Na4 $16 {1-0 Shchekachev,A-Pochikeev/
Smolensk 1997/CBM 58 ext (34)}) 13. h4 $5 (13. Qg3 $36 {1/2-1/2 Kolev,
A-Kramnik,V/Villarrobledo 1998/EXT 99 (61)}) 13... Bb4 14. e5 Bxc3 15. Qxc3 Ne4
16. Qe3 f6 17. f3 fxe5 18. Bxe5 Nf6 19. g4 $40 {1-0 Gofshtein,L-Khasin,A/
Rishon Le Zion 1997/CBM 62 ext (34)}) (11... Bb4 12. a3 (12. Be2 $5 Bxc3 $6 13.
Qxc3 Nxe4 14. Qxg7 Qf6 15. Qxf6 Nxf6 $16 {1-0 Sutovskij,E-Gershon,A/New York
1998/CBM 64/] (55)}) 12... Be7 (12... Ba5 13. Be2 Bb7 (13... O-O 14. e5 Nd7 15.
Qg3 Bc7 (15... Kh8 16. Qh3 $40) (15... Bxc3 16. Qxc3 $16) 16. Kb1 $1 Bb8 17.
Rhe1 f5 18. Bh5 $16 {Greenfed.A}) 14. Qg3 Bxc3 15. Qxc3 Nxe4 16. Qxg7 Qf6 17.
Qxf6 Nxf6 18. Rd3 $16 Ne4 19. Rf1 $1 {Greenfeld.A-Vydeslaver.A Israel 1998})
13. Be2 Nd7 (13... O-O 14. Qg3 Kh8 15. Bc7 Qd7 16. Be5 $36 {0-1 Botvinnik,
I-Greenfeld,A/Rishon Le Zion 1997/CBM 62 ext (35)}) 14. h4 O-O (14... e5 15.
Bxe5 $1 Nxe5 16. exd5 $16) 15. Qg3 Kh8 16. Bc7 Qe8 17. Rhe1 $16 {1-0
Shchekachev,A-Lomineishvili,M/Smolensk 1997/CBM 58 ext (50)}) 12. Be2 $5 {
[%cal Re2h5] White finish development and eliminate a possibiliy for jump
knight on g4 or h5} (12. a3 Qc5 $1 (12... Bb7 13. Be2 O-O-O 14. exd5 cxd5 15.
Qa7 $36 {1-0 Shchekachev,A-Magerramov,E/Saint-Affrique 1997/EXT 99 (26)}) 13.
Qf3 $132 {0-1 Santo Roman,M-Campos Moreno,J/Loures 1997/EXT 99 (35)}) 12... Bb4
(12... Qc5 13. Qg3 d4 14. Na4 Qb4 15. Qb3 Qxb3 16. axb3 $16 {1-0 Gershon,
A-Groszpeter,A/Paks 1998/EXT 99 (50)}) (12... dxe4 $5 13. Nxe4 Nd5 14. Rxd5
cxd5 15. Nd6+ Bxd6 16. Bxd6 Qd8 17. Ba3 $44 {Time. 1-0 Gershon,A-Lerner,K/Graz
1998/EXT 99 (98)}) 13. Be5 dxe4 $5 {a new attemt to deside openning problem} (
13... Bxc3 14. Bxc3 Qxa2 15. Bd3 $40 {Gofshtein.L-Greenfeld.A 1998
bliztournament Israel}) 14. Bxf6 gxf6 15. Qxe4 Ke7 16. Rd3 (16. Qxc6 Ra7 $44 (
16... Bxc3 $2 17. Qd6+ Ke8 18. Bf3 $18)) 16... Ra7 $5 (16... Bxc3 $2 17. Rxc3
Qxa2 18. Qb4+ Ke8 19. Bf3 Qa1+ 20. Kd2 Qxh1 21. Bxc6+ Bd7 22. Bxd7+ Kxd7 23.
Qb7+ $18) (16... Bd7 $5 17. a3 Bc5 (17... Bxc3 18. Rxc3 Rab8 19. Rd1 $14) 18.
Qh4 $36) 17. a3 Bxc3 18. Rxc3 $14 c5 $6 {this is move violate coordination of
black pieces and lead to lose,on case 17...Rd7 black could to defence with
succes} (18... Rd7 $5) 19. Rd1 Bd7 (19... Bb7 20. Qf4 e5 21. Qe3 $36) (19...
Rd7 20. Qe3 Rxd1+ 21. Bxd1 Bb7 22. Rxc5 $18) 20. Qe3 Rc7 21. Qg3 $1 {[%csl Rd6]
[%cal Rd1d6,Rg3d6,Rg3g7]} e5 22. Qg7 Rb8 23. Bc4 $18 {[%csl Rf7][%cal Rg7f7,
Gc4f7]} Be8 24. f4 e4 25. Re3 f5 26. Qe5+ Kf8 27. Qd6+ Kg7 1-0